Sports Quiz

Random Sports or NFL Quiz
Score 0/127 Timer 10:00
3 Plays Today
Team player % Correct
Kansas City ChiefsLarry Johnson
92.8%
Cincinnati BengalsJoe Mixon
91.2%
Carolina PanthersChristian McCaffrey
90.8%
New York JetsThomas Jones
90.2%
Chicago BearsThomas Jones
90.2%
Dallas CowboysJulius Jones
90%
Detroit LionsKevin Jones
90%
Los Angeles ChargersLaDainian Tomlinson
88.9%
Arizona CardinalsDavid Johnson
88.3%
Miami DolphinsRicky Williams
88.1%
New Orleans SaintsRicky Williams
88.1%
Carolina PanthersDeAngelo Williams
87.8%
Tampa Bay BuccaneersCadillac Williams
87.6%
Pittsburgh SteelersLe'Veon Bell
87.6%
Houston TexansCarlos Hyde
86.9%
Tennessee TitansChris Johnson
86.7%
Minnesota VikingsAdrian Peterson
85.7%
Buffalo BillsLeSean McCoy
85.4%
Buffalo BillsFred Jackson
85.3%
Los Angeles RamsSteven Jackson
85.3%
Indianapolis ColtsFrank Gore
83.9%
Minnesota VikingsDalvin Cook
81.7%
Tampa Bay BuccaneersDoug Martin
81.5%
Miami DolphinsLamar Miller
80.8%
Las Vegas RaidersLatavius Murray
80.3%
Green Bay PackersAhman Green
80.1%
Dallas CowboysEzekiel Elliott
80%
New York JetsCurtis Martin
79.4%
Indianapolis ColtsEdgerrin James
79.4%
Arizona CardinalsEdgerrin James
79.4%
Tennessee TitansDeMarco Murray
79.3%
Jacksonville JaguarsMaurice Jones-Drew
79.3%
Houston TexansArian Foster
79.1%
Buffalo BillsMarshawn Lynch
78.9%
Baltimore RavensLamar Jackson
78.8%
Pittsburgh SteelersJerome Bettis
77.4%
Los Angeles RamsJerome Bettis
77.4%
Los Angeles RamsTodd Gurley
77.2%
Cleveland BrownsJamal Lewis
77%
New York GiantsSaquon Barkley
76.9%
Jacksonville JaguarsLeonard Fournette
76.7%
Los Angeles RamsMarshall Faulk
76.1%
Seattle SeahawksShaun Alexander
76%
Team player % Correct
Washington Football TeamClinton Portis
75%
Los Angeles ChargersMelvin Gordon
74.3%
New Orleans SaintsMark Ingram
74.3%
Baltimore RavensRay Rice
74.2%
Philadelphia EaglesBrian Westbrook
73.9%
Jacksonville JaguarsFred Taylor
73.9%
Minnesota VikingsChester Taylor
73.5%
New England PatriotsLeGarrette Blount
73.2%
Atlanta FalconsDevonta Freeman
73%
Kansas City ChiefsKareem Hunt
72.7%
Chicago BearsMatt Forte
72.3%
New York GiantsBrandon Jacobs
71.1%
Cincinnati BengalsJeremy Hill
70.8%
Indianapolis ColtsJoseph Addai
70.2%
Kansas City ChiefsJamaal Charles
69.4%
Denver BroncosWillis McGahee
69.3%
Pittsburgh SteelersRashard Mendenhall
67.7%
Pittsburgh SteelersWillie Parker
67.6%
Houston TexansLamar Miller
67.5%
Kansas City ChiefsPriest Holmes
67%
New England PatriotsCorey Dillon
66.1%
Washington Football TeamAlfred Morris
65.9%
Washington Football TeamAdrian Peterson
65.8%
Detroit LionsBarry Sanders
65.7%
Denver BroncosC.J. Anderson
65.7%
Baltimore RavensMark Ingram
65%
Dallas CowboysDarren McFadden
64%
Cincinnati BengalsCedric Benson
63.9%
Chicago BearsJordan Howard
63.1%
Miami DolphinsJay Ajayi
62.7%
Carolina PanthersJonathan Stewart
62.4%
Detroit LionsJames Stewart
62.1%
Philadelphia EaglesLeSean McCoy
61.8%
Carolina PanthersStephen Davis
61.5%
Atlanta FalconsMichael Turner
60.7%
Atlanta FalconsWarrick Dunn
59%
Tampa Bay BuccaneersWarrick Dunn
59%
Baltimore RavensJustin Forsett
58.3%
Green Bay PackersRyan Grant
58%
Tennessee TitansLenDale White
54.7%
San Francisco 49ersFrank Gore
54.4%
Denver BroncosPhillip Lindsay
54.3%
New York JetsChris Ivory
53.7%
Team player % Correct
New Orleans SaintsDeuce McAllister
53.7%
Los Angeles ChargersRyan Mathews
53.6%
Buffalo BillsCJ Spiller
53.6%
Atlanta FalconsMichael Vick
53.1%
Chicago BearsAnthony Thomas
53%
Seattle SeahawksMarshawn Lynch
51%
Houston TexansSteve Slaton
50.7%
Dallas CowboysDeMarco Murray
49.7%
Cincinnati BengalsBenJarvus Green-Ellis
49.3%
Las Vegas RaidersDarren McFadden
44.3%
New York GiantsDerrick Ward
43.2%
New England PatriotsStevan Ridley
41.8%
Green Bay PackersEddie Lacy
41.8%
Miami DolphinsReggie Bush
41.2%
New York GiantsAhmad Bradshaw
40.6%
Tennessee TitansDerrick Henry
38.8%
San Francisco 49ersGarrison Hearst
37.7%
Seattle SeahawksRicky Watters
37.6%
Philadelphia EaglesRicky Watters
37.5%
New York JetsShonn Greene
37%
Las Vegas RaidersJustin Fargas
36.4%
Cleveland BrownsPeyton Hillis
36.4%
Tampa Bay BuccaneersLeGarrette Blount
35.9%
Denver BroncosKnowshon Moreno
35.8%
Philadelphia EaglesDuce Staley
35.8%
New England PatriotsBenJarvus Green-Ellis
34.3%
Detroit LionsReggie Bush
32.7%
Green Bay PackersAaron Jones
32.7%
Indianapolis ColtsMarlon Mack
31%
Washington Football TeamLadell Betts
26.4%
Cleveland BrownsReuben Droughns
25.9%
Arizona CardinalsChris Wells
24.5%
Los Angeles ChargersNatrone Means
24.3%
Minnesota VikingsMichael Bennett
24%
Las Vegas RaidersJosh Jacobs
23.9%
San Francisco 49ersCharlie Garner
23.2%
Cleveland BrownsNick Chubb
22.2%
Seattle SeahawksChris Carson
18.1%
San Francisco 49ersKevan Barlow
15.1%
Arizona CardinalsAdrian Murrell
9.3%
New Orleans SaintsDalton Hilliard
8.2%
Remove Ads.
Support Sporcle.
Get the best of Sporcle when you Go Orange. This ad-free experience offers more features, more stats, and more fun while also helping to support Sporcle. Thank you for becoming a member.

You're not logged in!

Compare scores with friends on all Sporcle quizzes.
OR
Log In

Sporcle TV

Today on Sporcle TV


Watch our educational content, quiz creation guides, and fun videos on Sporcle TV.

Show Comments

Extras

Top Quizzes Today


Score Distribution

Paid Content

Your Account Isn't Verified!

In order to create a playlist on Sporcle, you need to verify the email address you used during registration. Go to your Sporcle Settings to finish the process.

Report this User

Report this user for behavior that violates our Community Guidelines.

Details: